| 000 | 00783nam a22002297a 4500 | ||
|---|---|---|---|
| 999 |
_c15223 _d15223 |
||
| 003 | AR-CdUCM | ||
| 008 | 190426b ||||| |||| 00| 0 spa d | ||
| 020 | _a978-607-16-2485-7 | ||
| 040 |
_aMUNICIPALIDAD PROVINCIAL DEL CUSCO _cBIBLIOTECA MUNICIPAL DEL CUSCO |
||
| 082 |
_aPI / 808.06 / _bM36 |
||
| 100 |
_aMeschenmoser, Sebastian _934259 |
||
| 245 | _aEl estambre mágico del señor Pug / | ||
| 260 |
_aMéxico : _bFondo de cultura económica, _c2015. |
||
| 300 |
_c17 cm. _bIlustración |
||
| 500 | _aTitulo original : Mopsmanns magishe wunderwolle. El texto no cuenta con numeración de página. | ||
| 650 |
_aLiteratura _983 |
||
| 650 |
_aInfantil _96210 |
||
| 650 |
_aInfancia _95236 |
||
| 700 |
_aTirado, Lidia _934260 |
||
| 942 |
_2ddc _cLIBROS |
||
| 945 |
_arah _d26/04/2019 |
||